000 00632nam a2200193 4500
001 144004
003 ES-MaACL
005 20230906200925.0
007 t|
008 070214s1970 sp r ||||1| spa d
100 1 _aSimón Cabarga, José.
_9106542
245 1 0 _aSantander /
_ctextos: José Simón Cabarga ; composición: C. Vallejo Aller ; fotografias: Zubillaga... [et al.].
250 _a3ª ed.
260 _aLeón :
_bEverest,
_c1970.
300 _a204 p., 49 lám. ;
_c19 cm +
_e2 map.
700 1 _aVallejo Aller, Cecilio.
_9112846
700 1 _aZubillaga (
_qFrancisco)
_9118403
852 _aES-MaACL
_jC-49598
_bR.76630
999 _c144004
_d144004